[Event "Caissa intern 2016-2017"]
[Site "?"]
[Date "2016.10.04"]
[Round "4"]
[White "Witt, Rob"]
[Black "Overeem, Marc"]
[Result "0-1"]
[WhiteElo "2195"]
[BlackElo "2190"]
[Annotator "Witt"]
[PlyCount "66"]
[EventDate "2016.??.??"]

{Deze avond trof ik Marc Overeem. Niet bepaald mijn favoriete tegenstander.} 1.
Nf3 Nf6 2. c4 c5 3. Nc3 e6 4. g3 b6 5. Bg2 Bb7 6. O-O Be7 7. Re1 ({Ik had niet
zo'n zin in een klassieke Hedgehog.} 7. d4 cxd4 8. Qxd4 d6 9. Bg5 ({of} 9. Rd1)
) 7... d6 {Hmm, dus toch een Hedgehog.} ({Een belangrijk alternatief is} 7...
d5 8. cxd5 Nxd5 9. e4) 8. e4 a6 9. b3 {Ik wilde het eens een keer met de loper
op b2 proberen.} ({Gebruikelijker en waarschijnlijk ook beter is} 9. d4 cxd4
10. Nxd4 Qc7 11. Be3 {wat ik in het verleden een paar keer op het bord heb
gehad.}) 9... O-O 10. d4 cxd4 11. Nxd4 Qc7 12. Bb2 Nbd7 13. Rc1 Rfe8 14. Qe2 ({
Ik keek ook een tijdje naar het stukoffer} 14. Nd5 $5 exd5 15. cxd5 Qb8 16. Nc6
Bxc6 17. dxc6 {maar deze stelling kon ik niet goed beoordelen cq visualiseren.
Het ziet er achteraf best aardig uit. Wit kan met c7 en Lh3 materiaal
terugwinnen, maar de engine vindt de kansen dan gelijk.}) 14... Bf8 {In zo'n
hedgehogstelling kun je met wit eindeloos nadenken hoe het verder moet. Op
zich wil ik een keer f4 spelen maar zwart heeft dan misschien e5. Moet ik Pd4
omspelen via c2 naar d4 of via f3 naar d2; staan mijn torens wel op de juiste
plek; moet mijn koning op h1 staan; en ondertussen moet wit ook nog de
breekzetten b5 en d5 verhinderen; enz.} 15. h3 Rad8 16. Nf3 Qb8 17. Nd2 g6 {
Na lang nadenken besloot ik hier tot een zet die d6-d5 mogelijk maakt. Ik
dacht dat dat goed voor mij zou uitpakken, maar dat blijkt tegen te vallen.}
18. Qe3 d5 {Marc ziet na enkele minuten zijn kans schoon.} 19. exd5 {Het
duurde even voor Marc mijn zet noteerde. Hij was duidelijk verrast.} ({Ik
vermoed dat Marc alleen gerekend had op} 19. e5 d4 20. Qxd4 Bxg2 21. Kxg2 Nxe5
22. Qxe5 Qxe5 23. Rxe5 Rxd2 24. Re2 Red8 25. Rc2 {met gelijkspel.}) 19... exd5
20. Qf3 {Dat was het idee van mijn 18e zet. Marc dacht nu 20 minuten na en ik
ging veel te veel rondlopen in beide speelzalen.} Bh6 (20... Rxe1+ 21. Rxe1 {
En nu simpel} Bg7 {blijkt gelijk na} 22. Nxd5 Nxd5 23. Bxg7 Kxg7 24. cxd5 Nf6
25. Ne4 Nxd5 $11) 21. Rxe8+ Rxe8 22. Rd1 {En ook hier dacht Marc ruim een
kwartier na. Ik liep weer teveel rond in plaats van me op de stelling te
concentreren. Ondertussen viel de lamp boven ons bord uit, maar Marc dacht
onverstoorbaar verder. Ik besloot hem maar niet te storen en de rest van de
partij speelden we in de schemering.} Qe5 {Die kwam als een verrassing.} ({
Ik verwachtte} 22... Bg7 23. cxd5 Nxd5 24. Nxd5 Bxb2 25. Nc4 Bg7 26. Qf4 Qxf4 (
{Ik had niet gekeken naar het betere} 26... Bxd5 27. Qxb8 Rxb8 28. Rxd5 {
met een mager plusje voor wit.}) 27. Nxf4 Bxg2 28. Kxg2 {En dit leek me lastig
voor zwart al zal het wel remise zijn.}) 23. Na4 $6 ({Mijn eerste gedachte was
} 23. Nf1 $1 {maar dat leek me niet goed wegens} d4 {Ik overzag helaas de
mogelijkheid} 24. Nd5 {en dit is goed voor wit na bijv.} Nxd5 25. Bxd4 Nf4 26.
Qxb7 Ne2+ 27. Kh2 Nxd4 28. Qxd7) 23... Qe6 ({Minder goed is} 23... Qe2 {wegens}
24. Nxb6 {bijv.} Bxd2 25. Qxe2 Rxe2 26. Nxd7 Nxd7 27. Kf1 {En ik win het stuk
met voordeel terug.}) 24. Nf1 b5 25. cxb5 $2 {Die deed ik zonder nadenken. Ik
heb wel vaker last van een dergelijk Pavlov-reactie.} ({De engine geeft als
beter aan} 25. Bxf6 Qxf6 26. Qxf6 Nxf6 27. Nc5 bxc4 $1 28. bxc4 ({Beter dan} 
28. Nxb7 c3 29. f4 Bf8 $13) 28... Bc8 29. cxd5 $14) 25... axb5 26. Nc5 $6 {
Opnieuw zonder veel nadenken gespeeld.} ({Veiliger is} 26. Bxf6 Qxf6 27. Qxf6
Nxf6 28. Nc3 $11) 26... Nxc5 27. Qxf6 Qxf6 28. Bxf6 Ne4 {Ik besefte dat ik
hier moet oppassen om niet in het nadeel te komen. Na een kwartiertje vind ik
de beste zet.} 29. Bd4 b4 {Die kwam als een verrassing.} ({Ik verwachtte
zondermeer} 29... Ra8 {waarop ik bedacht had} 30. Ne3 (30. f3 {kan
waarschijnlijk ook, maar is minder duidelijk.}) 30... Rxa2 31. Bxe4 dxe4 32.
Ng4 Bg7 (32... Bd2 {is ook remise na} 33. Nf6+ Kf8 34. Bc5+ Kg7 35. Ne8+ {
omdat de koning niet naar h6 kan.}) 33. Nf6+ Bxf6 (33... Kh8 34. Be5 Ra8 35.
Rd7) 34. Bxf6 Ra8 {met remisestelling.}) 30. f3 $4 {Een blackout. Ik zie niet
dat het paard nu naar c3 kan.} ({Ik zag dat op} 30. Ne3 {nu} Nxg3 {volgt.
Verder had ik niet gekeken. Maar na} 31. fxg3 Bxe3+ 32. Bxe3 Rxe3 33. Kf2 Rc3
34. Bxd5 Rc2+ 35. Ke3 Bxd5 36. Rxd5 Rxa2 37. Rb5 {is het ook remise.}) ({
Het simpelst is} 30. Bxe4 Rxe4 31. Ne3 $11) 30... Nc3 {Wit kan opgeven. En dat
deed ik na} 31. Rd3 Ba6 32. Rxc3 bxc3 33. Bxc3 Bg7 0-1

[Event "Jean Jaures - KOSK 41/2-31/2"]
[Site "?"]
[Date "2016.10.16"]
[Round "2"]
[White "Witt, Rob"]
[Black "Roger, Mehdi"]
[Result "1-0"]
[WhiteElo "2195"]
[BlackElo "2159"]
[Annotator "Witt"]
[PlyCount "79"]
[EventDate "2016.??.??"]

{Mijn debuut voor Jean Jaures in Gent. Op deze prachtige zondag vertrokken
Alje, Arno, Michael en ik per auto naar Gent. Na enig oponthoud door een file
en het zoeken naar een parkeerplaats kwamen we precies op tijd bij het
schaakgebouw Caissa van een andere Gentse schaakclub waar Jean Jaures ook
speelde. Arno had verteld over de mooi verbouwde speelzaal en de gezellige bar
met veel soorten Belgisch bier. De bar was inderdaad gezellig en de speelzaal
was er ook, maar daar speelden wij niet. Wij speelden in een soort alkoof
zonder ramen die als doorgang diende voor de mooie zaal en het trappenhuis.
Links en rechts gingen voortdurend deuren open. En op mijn bord zat ik achter
de smerigste plastic stukken die ik ooit gezien heb. De ruimte was ook krap
zodat ik meestal maar aan mijn bord bleef zitten. Dat was maar goed ook want
ik kreeg weer zo'n lastige Mar del Plata op mijn bord.} 1. d4 Nf6 2. c4 g6 3.
Nc3 Bg7 4. e4 d6 5. Nf3 {Ik speel ook wel Samisch en vorig seizoen een keer de
Awerbach, maar eigenlijk wil ik iets nieuws tegen de KID.} O-O 6. Be2 e5 7. O-O
Nc6 {Die kwam voor mij als een verrassing.} ({Ik had een recente partij van
hem gezien met} 7... exd4 8. Nxd4 Re8 9. f3 Nc6 10. Be3 Nh5 11. Qd2 Nf4 {
En daar wilde ik me wel op inlaten al is het lastig om met wit iets te
bereiken tegen dit solide systeem.}) 8. d5 Ne7 9. Ne1 {Dan toch maar weer de
Mar del Plata. De Bayonet is ook niet meer wat het geweest is.} Nd7 10. Be3 f5
11. f3 f4 12. Bf2 g5 13. g4 {Ik heb veel ervaring met de alternatieven, maar
zonder voorbereiding zijn ze te ingewikkeld tegen iemand die dat mogelijk
recent bestudeerd heeft. De tekstzet geldt als redelijk solide en is enkele
keren door Ponomariov gespeeld en ook door Wesley So.} (13. a4 {Daar heb ik
niet meer zoveel vertrouwen in.}) (13. Rc1 {Tegenwoordig de voorkeur van
Wesley So en in Nederland van Reinderman.}) (13. Nd3 {Gold lange tijd als
slecht op grond van een beroemde partij Taimanov-Najdorf maar wordt
tegenwoordig ook weer door veel topspelers gespeeld.}) 13... h5 {Dit heeft de
voorkeur van de meeste auteurs. Alleen Bologan geeft in zijn boek de voorkeur
aan en passant slaan.} 14. h3 Kf7 (14... Rf6 15. Nd3 Rh6 16. c5 {kwam voor in
drie partijen van Wesley So, o.a. tegen Van Wely in Wijk aan Zee 2014.}) 15.
Nd3 Nf6 16. c5 Rh8 17. Kg2 Rh6 18. Rh1 {Hier dacht Mehdi heel lang na en kwam
uiteindelijk met} b6 $5 19. b4 $6 {Hoewel ik hier lang over had nagedacht had
ik een zet later al weer spijt van deze zet. Die zet doe je om c4-c5 door te
zetten maar die heb ik al gedaan. Nu staat b4 alleen maar in de weg.} ({
Veel logischer is} 19. cxd6 cxd6 20. Nb4) 19... Bd7 {Ook deze zet kostte zwart
veel tijd.} 20. Rc1 ({Mijn oorspronkelijke bedoeling was} 20. a4 {en mischien
is dit toch het beste. Maar ik veranderde van gedachte en vond dat ik mijn
paard op d3 beter om kon spelen naar b2 en vervolgens iets met Pc4 of Lb5.})
20... Qh8 {Hier begon ik lang na te denken over de stelling waarin zwart
tripleert op de h-lijn. De dame naar g1 spelen voorkomt een direkte inval,
maar dan komt Dg8 en hxg4. Ik kwam tot de conclusie dat ik dan Tg1 en Kf1
moest spelen en dat het dan ook wel handig was als veld e2 beschikbaar was
voor mijn koning. Dat verklaart mijn volgende zetten.} 21. Nb2 {En weer
gebruikte zwart veel tijd voor} Rg8 $2 {Een zet die ik niet begrijp.} ({
Wat is er nu logischer dan} 21... Qh7 {Misschien dacht hij dat zijn dametoren
toch niet naar h8 komt na} 22. cxd6 ({Maar ik was een beetje bang dat na} 22.
cxd6 {zwart toch} Rh8 {kon spelen. En de engine lijkt me gelijk te geven.})
22... cxd6 23. Nc4 Ne8 {Maar ook deze stelling is bij lange na niet duidelijk.}
) 22. cxd6 cxd6 23. Nb5 ({Ik zou graag de witte lopers ruilen, maar ik koos
niet voor} 23. Bb5 {wegens} Bc8 (23... Rd8) 24. Nc4 Rd8 {Achteraf lijkt dit
toch wel aardig voor wit.}) 23... Bxb5 {Mehdi vond dit na afloop heel slecht.
Maar er is niks mis mee en Stockfish vindt het ook de beste zet.} ({Op} 23...
Ne8 {plande ik gewoon} 24. Nxa7 {en op} Qh7 25. Bb5 Bxb5 26. Nxb5 {en ook met
hulp van de engine zie ik niet hoe zwart verder komt op de koningsvleugel.}) ({
Ik hoopte eigenlijk op} 23... Nc8 {waarop ik goede kansen krijg na} 24. Rxc8 $1
Bxc8 25. Nxd6+ Kg6 26. Nd3 {en verder had ik niet gekeken in de
veronderstelling dat dit wel goed moet zijn voor mij.}) 24. Bxb5 Qh7 {Bereidt
triplering voor en misschien een offer op e4. Het kostte me enige tijd om te
zien dat het offer op e4 niet goed was.} 25. Nc4 {Met nog een paar minuten op
de klok besluit zwart toch te offeren. Daar was ik wel blij mee.} ({De engine
suggereert} 25. gxh5 $5 {Daar heb ik geen seconde naar gekeken, maar misschien
is het goed.}) 25... Nxe4 $2 ({Ik had nog niks gepland op} 25... Rd8 {Achteraf
lijkt de stelling hoogst onduidelijk. Wit moet erg oppassen voor offers op e4
of g4. Misschien is} 26. Qe2 {de veiligste zet.}) ({Ik heb overigens
stellingsgeluk in de variant} 25... hxg4 26. Nxd6+ Kf8 27. fxg4 Nxe4 {Ik had
niet gezien dat mijn paard nu instaat (horizoneffect?) en dacht dat ik simpel
won met} 28. Bd3 {Gelukkig heb ik na} Rxd6 29. Qc2 {en dit lijkt toch beter
voor wit. En met weinig tijd is dit voor zwart heel lastig.}) 26. fxe4 Qxe4+
27. Qf3 Qxf3+ 28. Kxf3 Nxd5 {Hierna leeft zwart van zijn increment.} 29. Rhd1
Nc3 {Nu heb ik een extra mogelijkheid.} ({Ik verwachtte} 29... e4+ {maar dat
verliest ook na} 30. Kxe4 Nc3+ 31. Rxc3 Bxc3 32. Nxd6+ Kf8 33. Bc4 Rg7 34. Nf5
{enz.}) 30. Nxd6+ (30. Rxc3 e4+ {leidt tot de vorige variant.}) 30... Rxd6 31.
Bc4+ Ke7 32. Rxd6 {Het is uit.} e4+ 33. Kg2 Kxd6 34. Bxg8 f3+ 35. Kf1 hxg4 36.
hxg4 Ne2 37. Rd1+ Ke5 38. Be3 Bf8 39. a3 Nf4 40. Bd4+ {En terwijl zijn laatste
seconden wegtikten gaf Mehdi op. Ik liet mij het belgische bier (Gentse Strop)
vervolgens goed smaken. We wonnen de wedstrijd met 4½-3½.} 1-0

[Event "Eijgenbrood 2016"]
[Site "?"]
[Date "2016.10.28"]
[Round "1"]
[White "Witt, Rob"]
[Black "De Bruijn, Aad"]
[Result "1-0"]
[WhiteElo "2205"]
[BlackElo "1905"]
[Annotator "Witt"]
[PlyCount "87"]
[EventDate "2016.??.??"]

{Ik had een keer hardhandig verloren van deze tegenstander in een AKN-toernooi
in Haarlem. Van onderschatting was dus geen sprake.} 1. d4 Nf6 2. Nf3 g6 3. c4
Bg7 4. Nc3 O-O 5. e4 d6 6. Be2 e5 7. O-O Nc6 8. d5 Ne7 9. Ne1 Nd7 10. Be3 f5
11. f3 f4 12. Bf2 g5 13. g4 {Zo speelde ik voor het eerst enkele weken geleden
bij mijn debuut voor Jean Jaures. Ook hier dacht mijn tegenstander lang na.}
fxg3 {De voorkeur van o.a Bologan.} ({In Belgie speelde mijn tegenstander de
andere methode} 13... h5 {De voorkeur van o.a. Kotronias.} 14. h3 Kf7 ({
Kotronias geeft} 14... a5 $1)) 14. hxg3 Ng6 15. Ng2 h5 16. Ne3 h4 17. g4 Nf4
18. Kh2 Rf6 $146 19. Nf5 Nf8 20. c5 N8g6 21. cxd6 cxd6 22. Rc1 Ne7 23. Rg1 {
om eventueel met de g-pion terug te slaan.} Bd7 24. Bb5 Bc8 {Verrassend, maar
het is de beste zet.} 25. a4 a6 26. Bf1 {Wit nog 50 minuten, zwart een half
uur.} Nxf5 $2 {Daar was ik wel blij mee. Zwart kan beter afwachten. Aad zei
achteraf dat hij erg slecht is in niks doen.} 27. exf5 {Een mens kan van
gedachten veranderen.} Rh6 28. Ne4 {Met zo'n paard moet wit op winst staan.}
Bd7 29. Qb3 $2 {Slordig.} ({Veel beter is} 29. a5) 29... b5 30. axb5 axb5 31.
Bd3 {Om mijn torens te aktiveren.} Bf8 {Aad wil zijn loper omspelen naar e7
zodat g5 gedekt staat en hij zijn dame kan spelen. Het leek me beter om de
andere loper om te spelen naar f7.} 32. Be3 Be7 33. Ra1 Rc8 34. Rgc1 Rxc1 35.
Rxc1 {Wit nog een half uur, zwart 3 minuten.} Qa5 36. Bf1 ({Stockfish doet
enthousiast over} 36. Rc6 {of Lxf4. Maar ik doe maar gewoon redelijke zetjes
in de verwachting dat Aad toch wel zal bezwijken in tijdnood.}) 36... Kf7 37.
Bd2 Qb6 38. Qe3 Qxe3 {Zwart nog minder dan een minuut + increment van 15
seconden.} 39. Bxe3 Nxd5 40. Bxg5 (40. Nxg5+ Ke8 41. Bd2 {leek me ook goed en
de engine vindt dat sterker.}) 40... Rh8 $6 41. f6 (41. Rd1 $1) 41... Nxf6 $2 (
41... Bxf6 42. Nxf6 Nxf6 43. Rc7 $16) 42. Bxf6 Bxf6 43. Rc7 Rd8 44. Bxb5 {
Een prettig begin maar niet erg overtuigend.} 1-0

[Event "Eijgenbrood 2016"]
[Site "?"]
[Date "2016.10.29"]
[Round "2"]
[White "Becx, Cesar"]
[Black "Witt, Rob"]
[Result "1/2-1/2"]
[WhiteElo "2024"]
[BlackElo "2205"]
[Annotator "Witt"]
[PlyCount "35"]
[EventDate "2016.??.??"]

{Een bekende naam en een FM. Kennelijk heeft hij ooit 2300+ gehad. Met zo'n
mooie naam moet je toch grootmeester kunnen worden. Kennelijk lagen zijn
prioriteiten elders.} 1. f4 {Ik kan me niet herinneren wanneer ik voor het
laatst tegen 1.f4 gespeeld heb. Na afloop zei Cesar dat hij van mij alleen een
partij gevonden had uit 1971 tegen Henneberke.} d5 2. Nf3 g6 3. g3 Bg7 4. Bg2 {
Ik herinnerde me vaag dat Ivo een keer een opbouw had aanbevolen met c6 en Ph6
als ik me niet vergis. Maar precies wist ik het niet en ik besloot gewoon te
spelen zoals ik met wit doe tegen de Leningrader.} Nf6 5. O-O O-O 6. d3 c5 7.
c3 ({Ik had alleen heel kort wat partijen van hem gezien uit 1983 tegen
Ligterink en Van der Sterren. Die gingen verder met} 7. Nc3 d4 8. Na4 Qa5) 7...
Nc6 8. Na3 Rb8 9. Ne5 Nxe5 ({Cesar gaf na afloop} 9... Qc7 {aan als beter. Wit
doet dan} 10. Qa4 {Ik zie nu dat Mikhalevski dan een pionoffer aanbeveelt met}
a6 $5 $146 11. Nxc6 b5 12. Nxe7+ Qxe7 13. Qd1 Re8 {met goede compensatie. Toen
ik Cesar dat de volgende dag vertelde, bleek dat nieuw voor hem te zijn.}) 10.
fxe5 Ne8 {Ik vond het lastig te beoordelen wat de beste paardzet is.
Uiteindelijk leek het me nodig om het paard naar c7 te spelen omdat ik in
ieder geval pion d5 niet wilde dekken met e6. Ik had inmiddels al een half uur
gebruikt en Cesar een paar minuten. Maar nu ging hij ook 25 minuten in de
denktank.} 11. Bf4 (11. d4) 11... Be6 $146 {Cesar vond het logischer om een
paard op e6 te zetten. Ik denk dat hij gelijk heeft.} (11... Nc7 {was nog
bekend.}) 12. d4 c4 $6 {Na 10 minuten. Ik dacht dat ik me wel op d5 kon
handhaven en iets met b7-b5-b4 doen. Maar dit blijkt toch niet zo goed.} ({
Beter was} 12... b6 13. Nc2 Nc7) 13. e4 ({Hij had ook lang nagedacht over} 13.
Qa4) 13... b5 {Misschien is dit ook niet de beste.} (13... Nc7) 14. Nc2 Nc7 15.
a4 a5 $1 {De beste zet die voor wit als een verrassing kwam.} 16. axb5 Rxb5 17.
Ra2 ({Ik verwachtte} 17. Bc1 Qd7) 17... Qa8 $6 ({Iets beter lijkt} 17... dxe4
18. Bxe4 Nd5 19. Qe2 (19. Na3 $2 {faalt op} Rxb2 $1 20. Rxb2 Nxc3 $17) 19...
Qd7) (17... Qd7 18. Qa1 {beviel me niet.}) 18. Qe2 {Met een remiseaanbod dat
ik na 5 minuten aannam. Wit staat beter. Cesar vertelde na afloop van het
toernooi dat hij 5x remise had aangeboden. Alleen ik had het aangenomen. De
anderen weigerden waarna drie van de vier verloren. Cesar werd gedeeld 2e met
5-6.} 1/2-1/2